[Event "Norderstedt op"]
[Site "Norderstedt"]
[Date "2013.03.31"]
[Round "6"]
[White "Thiel, Harry"]
[Black "Schmidtmann, Kimberly"]
[Result "0-1"]
[WhiteElo "1505"]
[BlackElo "889"]
[PlyCount "68"]
[EventDate "2013.03.28"]
[EventType "swiss"]
[EventRounds "9"]
[EventCountry "GER"]
[SourceTitle "EXT 2015"]
[Source "ChessBase"]
[SourceDate "2014.11.20"]
[SourceVersion "1"]
[SourceVersionDate "2014.11.20"]
[SourceQuality "1"]

1. e4 e5 2. Nf3 Nc6 3. Bc4 Bc5 4. b4 Bxb4 5. c3 Bc5 6. d4 exd4 7. Qb3 Nf6 8. Bxf7+ Kf8 9. Bg5 h6 10. Bh5 g6 11. Bxg6 d5 12. Bh4 Rg8 13. Bh7 Rg7 14. Bf5 Bxf5 15. exf5 Qe7+ 16. Kf1 Rf7 17. Bxf6 Rxf6 18. g4 Qe4 19. Qxb7 Re8 20. Nbd2 Qe2+ 21. Kg2 dxc3 22. Qxc7 Qxf2+ 23. Kh3 cxd2 24. Rhf1 Qe2 25. Qh7 Re3 26. Qh8+ Ke7 27. Qg7+ Rf7 28. f6+ Ke6 29. Qxh6 Rxf3+ 30. Rxf3 Qxf3+ 31. Kh4 d1Q 32. Rxd1 Qxd1 33. g5 Bf2+ 34. Kh3 Qf3# 0-1

[Event "Greifswald Arndt Uni-ch"]
[Site "Greifswald"]
[Date "2003.10.17"]
[Round "1"]
[White "Graudons, Karsten"]
[Black "Thiel, Harry"]
[Result "1-0"]
[WhiteElo "1797"]
[BlackElo "1424"]
[PlyCount "47"]
[EventDate "2003.10.17"]
[EventType "swiss"]
[EventRounds "5"]
[EventCountry "GER"]
[SourceTitle "EXT 2005"]
[Source "ChessBase"]
[SourceDate "2004.11.15"]
[SourceVersion "1"]
[SourceVersionDate "2004.11.15"]
[SourceQuality "1"]

1. Nf3 Nc6 2. d4 d5 3. c4 e6 4. Nc3 Nf6 5. Bg5 Be7 6. e3 0-0 7. a3 a5 8. Qc2 h6 9. h4 Nh7 10. Bxe7 Nxe7 11. g4 f5 12. g5 h5 13. Ne5 Qe8 14. cxd5 exd5 15. Nb5 f4 16. Nxc7 Bf5 17. Qd2 Qa4 18. Nxa8 Rxa8 19. Bd3 Rc8 20. Bxf5 Nxf5 21. Rc1 Re8 22. Rh3 Nf8 23. Qc2 Nd6 24. Qxa4 1-0